Tratamiento de agua para la industria y otros usos

Gardado en:
Detalles Bibliográficos
Autor Principal: Nordell, Eskel (autor)
Formato: Libro
Idioma:Lingua castelá
Publicado: Ciudad de México Continental 1963
Subjects:
Tags: Engadir etiqueta
Sen Etiquetas, Sexa o primeiro en etiquetar este rexistro!

MARC

LEADER 00000nam a2200000 a 4500
001 UCU6757
003 CL-VaPUC
008 960621e19630000MX |||||||||||||||||spa|d
082 0 4 |a 628.162  |b NOR  |2 21 
100 |a Nordell, Eskel  |e autor  |9 365127 
245 1 0 |a Tratamiento de agua para la industria y otros usos 
300 |a 641 p 
942 |c BK 
945 |d 19960621 00:00:00  |a paguirre 
260 |a Ciudad de México  |b Continental  |c 1963 
650 0 |a Agua  |9 257149 
650 0 |a Agua industrial  |9 363981 
650 0 |a Tratamiento del agua   |9 262889 
650 0 |a Aireación  |9 365128 
650 0 |a Tecnología química   |9 263002 
650 0 |a Destilación  |9 263952 
583 |a last modification  |c 19960621 00:00:00  |k Rodrigo Vera 
999 |c 249575  |d 249573